[Event "Bergens SK Høstturnering 2017"]
[Site "Bergens Schakklub"]
[Date "2017.09.05"]
[Round "1"]
[White "Sviland, Atle"]
[Black "Strand, Øyvin"]
[Result "1-0"]
[WhiteElo "1627"]
[BlackElo "1828"]
[PlyCount "65"]
[EventDate "2017.??.??"]

1. Nf3 d5 2. c4 e6 3. cxd5 exd5 4. g3 f5 5. Bg2 Nf6 6. d3 Bd6 7. O-O O-O 8. Qb3
Kh8 9. Bg5 c6 10. Nc3 h6 11. Bd2 Na6 12. Rad1 Qc7 13. e4 Nc5 14. Qc2 fxe4 15.
dxe4 Nfxe4 16. Nh4 Bf5 17. Nxf5 Rxf5 18. Nxe4 Nxe4 19. Bxe4 dxe4 20. Qxe4 Raf8
21. Be3 b6 22. Rc1 c5 23. Rcd1 Be5 24. Rd2 R5f7 25. Rfd1 Bf6 26. Qg4 Qc8 27.
Qg6 Qh3 28. Rd5 Bd4 29. Rh5 Qc8 30. Bxh6 Bxf2+ 31. Kg2 Qb7+ 32. Rdd5 gxh6 33.
Qxh6+
1-0

[Event "Bergens SK Høstturnering 2017"]
[Site "Bergens Schakklub"]
[Date "2017.09.05"]
[Round "1"]
[White "Agustsson, Hafsteinn"]
[Black "Jørgensen, Kolbein"]
[Result "0-1"]
[WhiteElo "1741"]
[BlackElo "1323"]
[PlyCount "134"]
[EventDate "2017.??.??"]

1. e4 e6 2. d4 d5 3. Bd3 c5 4. c3 Nc6 5. Nf3 Nf6 6. e5 Nd7 7. a3 a5 8. O-O Be7
9. Re1 b6 10. Qc2 Nf8 11. Qe2 Bb7 12. Nbd2 Qc8 13. Nf1 Ba6 14. Be3 Bxd3 15.
Qxd3 Ng6 16. Rac1 c4 17. Qc2 b5 18. Bd2 b4 19. Ng3 bxa3 20. bxa3 Bxa3 21. Ra1
Be7 22. Qa4 O-O 23. Reb1 Bd8 24. Bc1 Rb8 25. Ba3 Rxb1+ 26. Rxb1 Be7 27. Rb6
Bxa3 28. Qxa3 Qc7 29. Qc5 Rc8 30. Qb5 Nge7 31. Rb7 Qd8 32. Kf1 Rb8 33. Ke1 Rxb7
34. Qxb7 Qc8 35. Qxc8+ Nxc8 36. Kd1 f6 37. exf6 gxf6 38. Kc2 Kf7 39. Nd2 e5 40.
dxe5 fxe5 41. Ne2 Ke6 42. f3 Nd6 43. f4 d4 44. fxe5 d3+ 45. Kd1 dxe2+ 46. Kxe2
Nxe5 47. Nb1 Kd5 48. h3 Ke4 49. g3 Nd7 50. Nd2+ Kd5 51. Ke3 Nc5 52. Nb1 Nb5 53.
g4 Ne4 54. h4 Nbxc3 55. Na3 Nd6 56. h5 Nce4 57. Kf4 h6 58. Ke3 Kc5 59. Nc2 a4
60. Kf4 c3 61. Ke3 Kc4 62. Ke2 Kb3 63. Nd4+ Kb2 64. Nf3 c2 65. Ne1 c1=Q 66.
Nd3+ Kc2 67. Nxc1 Kxc1
0-1

[Event "Bergens SK Høstturnering 2017"]
[Site "Bergens Schakklub"]
[Date "2017.09.05"]
[Round "1"]
[White "Christoffersen, Odd"]
[Black "Manne, Per Erik"]
[Result "0-1"]
[WhiteElo "1514"]
[BlackElo "2043"]
[PlyCount "74"]
[EventDate "2017.??.??"]

1. d4 d5 2. Nf3 Nf6 3. c4 e6 4. Bg5 Be7 5. e3 O-O 6. Nc3 h6 7. Bxf6 Bxf6 8.
cxd5 exd5 9. Qb3 c6 10. Be2 Re8 11. O-O Qd6 12. Rfd1 Nd7 13. Rac1 g6 14. a3 Bg7
15. Qa2 a5 16. b3 Bf8 17. Ra1 b6 18. Qc2 Bb7 19. Bd3 Qe6 20. Qb2 Rab8 21. Re1
c5 22. Bb5 Bc6 23. Rac1 Rec8 24. a4 Bg7 25. Qd2 Nf6 26. Bxc6 Qxc6 27. Rc2 Ne4
28. Qe2 cxd4 29. exd4 Nxc3 30. Qd3 Rb7 31. Ne5 Bxe5 32. dxe5 Rbc7 33. e6 Qd6
34. e7 Rxe7 35. Rxe7 Qxe7 36. g3 Rc5 37. Kg2 Qe4+
0-1

[Event "Bergens SK Høstturnering 2017"]
[Site "Bergens Schakklub"]
[Date "2017.09.05"]
[Round "1"]
[White "Rasmussen, Jonas H"]
[Black "Ziegler, Lars"]
[Result "1-0"]
[WhiteElo "1745"]
[BlackElo "1468"]
[PlyCount "93"]
[EventDate "2017.??.??"]

1. d4 e6 2. Nf3 c5 3. c4 cxd4 4. Nxd4 Bb4+ 5. Nd2 Nc6 6. Nxc6 dxc6 7. g3 Nf6 8.
Bg2 O-O 9. O-O e5 10. Qc2 Qe7 11. a3 Ba5 12. b4 Bc7 13. Bb2 Bg4 14. Nf3 Bh5 15.
e4 Bg6 16. Nh4 Rad8 17. Nxg6 hxg6 18. Rad1 Rxd1 19. Rxd1 Rd8 20. Rd3 Rxd3 21.
Qxd3 Qd6 22. Qxd6 Bxd6 23. c5 Bc7 24. f3 Nd7 25. Bh3 Nb8 26. Kf1 a5 27. Bc8
axb4 28. axb4 Kf8 29. Bxb7 Ke7 30. Bc8 f6 31. Ke2 Kd8 32. Be6 Na6 33. Bc3 Bb8
34. h4 Ke7 35. Bc4 Nc7 36. Ke3 Ne6 37. Bxe6 Kxe6 38. Kd3 f5 39. Kc4 Kf6 40. Bd2
f4 41. g4 Ke6 42. b5 Kd7 43. b6 Kc8 44. Kb4 Kb7 45. Ka5 Ka8 46. Ka6 Bc7 47.
bxc7
1-0

[Event "Bergens SK Høstturnering 2017"]
[Site "Bergens Schakklub"]
[Date "2017.09.12"]
[Round "2"]
[White "Jørgensen, Kolbein"]
[Black "Rasmussen, Jonas H"]
[Result "1/2-1/2"]
[WhiteElo "1323"]
[BlackElo "1745"]
[PlyCount "107"]
[EventDate "2017.??.??"]

1. b3 e5 2. Bb2 Nc6 3. e3 d5 4. Bb5 Bd6 5. f4 Bd7 6. Bxc6 Bxc6 7. fxe5 Bf8 8.
Nf3 g6 9. O-O Bg7 10. d4 Nh6 11. Nc3 O-O 12. Ne2 Nf5 13. Bc1 Qe7 14. a4 f6 15.
Ba3 Qe6 16. Bxf8 Rxf8 17. Nf4 Qe7 18. Qd3 Bh6 19. Rae1 fxe5 20. Nxe5 Qd6 21. c4
Bxf4 22. Rxf4 dxc4 23. Qxc4+ Bd5 24. Qc5 Qxc5 25. dxc5 Bxb3 26. a5 Re8 27. Ng4
Kg7 28. e4 Nd4 29. e5 Nc6 30. Rf3 Nxa5 31. Ra1 b6 32. Rxa5 bxa5 33. Rxb3 h5 34.
Nf2 Rxe5 35. Nd3 Rd5 36. Kf2 Rd4 37. Ke3 Rc4 38. Kd2 Kf6 39. Ra3 a4 40. Rc3 Rg4
41. Ne1 Rd4+ 42. Ke3 Rb4 43. Nd3 Rg4 44. Rc2 c6 45. Ra2 Rc4 46. Ra1 g5 47. Kd2
Kf5 48. Rb1 Rg4 49. Ne1 Rc4 50. Rc1 Rxc1 51. Kxc1 Ke4 52. Kc2 g4 53. g3 a3 54.
Kb3
1/2-1/2

[Event "Bergens SK Høstturnering 2017"]
[Site "Bergens Schakklub"]
[Date "2017.09.12"]
[Round "2"]
[White "Larsen, Stig Børje"]
[Black "Agustsson, Hafsteinn"]
[Result "1-0"]
[WhiteElo "1739"]
[BlackElo "1741"]
[PlyCount "65"]
[EventDate "2017.??.??"]

1. e4 c5 2. Nc3 d6 3. f4 g6 4. Nf3 Nc6 5. Bb5 Bg7 6. O-O Nf6 7. d3 O-O 8. Bxc6
bxc6 9. Qe1 Rb8 10. Qh4 Re8 11. f5 e6 12. fxg6 fxg6 13. e5 Rb4 14. Qe1 Ng4 15.
exd6 Qxd6 16. Ne4 Qd5 17. c3 Rb8 18. h3 Nf6 19. Bg5 Nxe4 20. dxe4 Qc4 21. Nd2
Qb5 22. e5 Ba6 23. b3 Qd3 24. Rf3 Qe2 25. c4 Qxe5 26. Qxe5 Bxe5 27. Re1 Bd4+
28. Be3 e5 29. Ne4 Bc8 30. Nf6+ Kf7 31. Nxe8+ Kxe8 32. Bxd4 cxd4 33. Rxe5+
1-0

[Event "Bergens SK Høstturnering 2017"]
[Site "Bergens Schakklub"]
[Date "2017.09.12"]
[Round "2"]
[White "Dyrhovden, Sigve"]
[Black "Tufta, Jon Gunnar"]
[Result "1-0"]
[WhiteElo "1588"]
[BlackElo "1776"]
[PlyCount "93"]
[EventDate "2017.??.??"]

1. d4 b6 2. Bf4 Bb7 3. e3 g6 4. Nf3 Bg7 5. Be2 e6 6. O-O Ne7 7. c4 d5 8. Nc3
O-O 9. Rc1 Nd7 10. cxd5 exd5 11. Nb5 c6 12. Nd6 Bc8 13. Nxc8 Qxc8 14. Bd6 Re8
15. Bxe7 Rxe7 16. Qa4 c5 17. dxc5 Nxc5 18. Qa3 Qf5 19. b4 Ne4 20. Bd3 Rd8 21.
Rc2 Rc8 22. Rfc1 Rxc2 23. Rxc2 Qe6 24. Qc1 h6 25. h3 Ng5 26. Nxg5 hxg5 27. Rc6
Qe5 28. Rc8+ Kh7 29. Qd1 d4 30. Qh5+ Bh6 31. exd4 Qxd4 32. Qf3 Qxb4 33. g3 Qe1+
34. Kg2 Qe6 35. Ba6 Qxa2 36. Bc4 Qb2 37. Bxf7 Bg7 38. Rc6 Bd4 39. Bxg6+ Kg7 40.
Bh5 Qb5 41. Rc8 Bf6 42. Qa8 Qe5 43. Bf3 a5 44. Rh8 Kg6 45. Bh5+ Kf5 46. Qc8+
Ke4 47. Bf3+
1-0

[Event "Bergens SK Høstturnering 2017"]
[Site "Bergens Schakklub"]
[Date "2017.09.12"]
[Round "2"]
[White "Solli, Jarle"]
[Black "Selbekk, Vebjørn"]
[Result "1/2-1/2"]
[WhiteElo "1538"]
[BlackElo "1847"]
[PlyCount "64"]
[EventDate "2017.??.??"]

1. e4 d6 2. Bc4 Nf6 3. c3 Nc6 4. d3 e5 5. Bg5 h6 6. Bh4 Bd7 7. Nf3 Na5 8. Na3
a6 9. b4 Nxc4 10. Nxc4 Be7 11. a4 O-O 12. O-O b5 13. axb5 axb5 14. Rxa8 Qxa8
15. Ne3 Qa2 16. d4 exd4 17. Qxd4 c5 18. Qd3 Qe6 19. bxc5 dxc5 20. Nd5 Nxd5 21.
exd5 Qd6 22. Bg3 Qb6 23. d6 Bf6 24. Be5 Bxe5 25. Nxe5 Be6 26. Rd1 Rd8 27. d7 f6
28. Qg6 fxe5 29. g4 b4 30. g5 hxg5 31. Qe8+ Kh7 32. Qh5+ Kg8
1/2-1/2

[Event "Bergens SK Høstturnering 2017"]
[Site "Bergens Schakklub"]
[Date "2017.09.12"]
[Round "2"]
[White "Ayzenberg, Alena"]
[Black "Manne, Per Erik"]
[Result "0-1"]
[WhiteElo "1755"]
[BlackElo "2043"]
[PlyCount "70"]
[EventDate "2017.??.??"]

1. d4 d5 2. c4 e6 3. Nf3 Nf6 4. g3 Be7 5. Bg2 O-O 6. O-O dxc4 7. Qc2 a6 8. Qxc4
b5 9. Qc2 Bb7 10. Bg5 Ra7 11. Nbd2 Nbd7 12. Nb3 a5 13. a4 Be4 14. Qd2 Bb4 15.
Qe3 bxa4 16. d5 Qa8 17. dxe6 axb3 18. exd7 Nxd7 19. Qxb3 c5 20. Nh4 Nb6 21.
Bxe4 Qxe4 22. Qf3 Qe5 23. Nf5 Qxb2 24. Qg4 Re8 25. e4 Qe5 26. Bf4 Qf6 27. Nd6
Rd8 28. Rad1 Rad7 29. e5 Qg6 30. Qe2 Qe6 31. Qe4 Rxd6 32. Rxd6 Rxd6 33. Qb7 Rd8
34. Bg5 Re8 35. Bf4 Nd5
0-1

[Event "Bergens SK Høstturnering 2017"]
[Site "Bergens Schakklub"]
[Date "2017.09.12"]
[Round "2"]
[White "Ziegler, Lars"]
[Black "Christoffersen, Odd"]
[Result "0-1"]
[WhiteElo "1468"]
[BlackElo "1514"]
[PlyCount "76"]
[EventDate "2017.??.??"]

1. c4 e5 2. g3 Nc6 3. Bg2 g6 4. Nc3 Bg7 5. d3 Nge7 6. Nf3 d6 7. O-O O-O 8. Rb1
a5 9. a3 Nd4 10. Nxd4 exd4 11. Nd5 c6 12. Nxe7+ Qxe7 13. b4 axb4 14. axb4 Re8
15. Re1 Bg4 16. Kf1 Ra2 17. Rb2 Ra1 18. Qc2 h5 19. h3 Bf5 20. Rb1 Rxb1 21. Qxb1
Qd7 22. h4 Bh3 23. Qa2 Be5 24. Bb2 Qg4 25. Kg1 Bxg3 26. Bf3 Qxh4 27. fxg3 Qxg3+
28. Kh1 Qxe1+ 29. Kh2 Bg4 30. Bxg4 hxg4 31. Qa5 Qxe2+ 32. Kg3 Qxb2 33. Kxg4
Qe2+ 34. Kh4 Qxd3 35. Qc7 Qe4+ 36. Kg3 Qe7 37. Qb6 d3 38. Qf2 Qe3+
0-1

[Event "Bergens SK Høstturnering 2017"]
[Site "Bergens Schakklub"]
[Date "2017.09.26"]
[Round "3"]
[White "Selbekk, Vebjørn"]
[Black "Ayzenberg, Alena"]
[Result "1/2-1/2"]
[WhiteElo "1847"]
[BlackElo "1755"]
[PlyCount "102"]
[EventDate "2017.??.??"]

1. Nf3 Nf6 2. g3 d5 3. Bg2 c5 4. d3 Nc6 5. O-O e5 6. e4 dxe4 7. dxe4 Qxd1 8.
Rxd1 Bg4 9. Re1 Nb4 10. Na3 Bxf3 11. Bxf3 O-O-O 12. Be3 h5 13. Bg5 Rd6 14. Rad1
Ra6 15. c3 Nc6 16. Be2 Ra4 17. Bc4 Be7 18. Bxf7 Rxe4 19. Rxe4 Nxe4 20. Bxe7
Nxe7 21. Be6+ Kb8 22. Rd7 Nc6 23. Rxg7 Rf8 24. Rg8 Rxg8 25. Bxg8 Nf6 26. Be6
Kc7 27. Nc4 b5 28. Ne3 Kd6 29. Bf7 Ne7 30. h3 e4 31. g4 hxg4 32. hxg4 Nh7 33.
Kg2 Ng5 34. Be8 b4 35. cxb4 cxb4 36. Kg3 Ke5 37. Nc2 a5 38. Ne3 Kd4 39. b3 Kc3
40. Nc4 Nd5 41. Nxa5 Kb2 42. Bc6 Nc3 43. Kf4 Nh3+ 44. Ke3 Kxa2 45. Bxe4 Nd1+
46. Kf3 Ndxf2 47. Kg3 Nxg4 48. Kxg4 Nf2+ 49. Kf3 Nd1 50. Ke2 Nc3+ 51. Kd3 Ka3 {
Trekk mangler}
1/2-1/2

[Event "Bergens SK Høstturnering 2017"]
[Site "Bergens Schakklub"]
[Date "2017.09.26"]
[Round "3"]
[White "Christoffersen, Odd"]
[Black "Solli, Jarle"]
[Result "0-1"]
[WhiteElo "1514"]
[BlackElo "1538"]
[PlyCount "152"]
[EventDate "2017.??.??"]

1. e4 e5 2. Nf3 Nc6 3. Bb5 Nf6 4. O-O Ng4 5. Bxc6 dxc6 6. d4 exd4 7. Qxd4 Qxd4
8. Nxd4 Bd6 9. h3 h5 10. f4 Bc5 11. c3 Nf6 12. Nd2 Bd7 13. Re1 O-O-O 14. N2f3
Rde8 15. e5 Nd5 16. Kh1 Ne7 17. Bd2 Nf5 18. Nxf5 Bxf5 19. Be3 Be7 20. Nd4 Be4
21. Bf2 f5 22. h4 Bc5 23. Kg1 Bb6 24. Rad1 Rh6 25. Ne2 Rg6 26. g3 c5 27. c4 Ba5
28. Rf1 Bf3 29. Nc1 Bxd1 30. Rxd1 Rd8 31. Rxd8+ Kxd8 32. Nb3 Bb6 33. Kg2 Ke8
34. Kf3 a6 35. Ke2 Ba7 36. Kd3 b5 37. Nc1 Re6 38. Ne2 Re7 39. b3 c6 40. Ng1 a5
41. Nf3 a4 42. bxa4 Rd7+ 43. Kc2 Bb6 44. axb5 cxb5 45. cxb5 Ra7 46. Kb2 Ra5 47.
Nd2 Rxb5+ 48. Kc2 Rb4 49. a3 Ra4 50. Kb3 c4+ 51. Nxc4 Rxc4 52. Bxb6 Re4 53. a4
Kd7 54. a5 Kc6 55. Kc3 g6 56. Kd2 Ra4 57. Ke2 Kd5 58. Kf2 Ke4 59. Kg2 Ra2+ 60.
Bf2 Rxa5 61. Bg1 Ra2+ 62. Bf2 Re2 63. Kf1 Kf3 64. Be1 Ra2 65. Kg1 Rc2 66. Kf1
Re2 67. Bb4 Rf2+ 68. Ke1 Rb2 69. Bd6 Kxg3 70. e6 Kf3 71. e7 Re2+ 72. Kf1 Re4
73. Be5 Rc4 74. Ke1 Rc8 75. Bc7 Re8 76. Bd8 Kxf4
0-1

[Event "Bergens SK Høstturnering 2017"]
[Site "Bergens Schakklub"]
[Date "2017.09.26"]
[Round "3"]
[White "Grønnestad, Anita"]
[Black "Larsen, Stig Børje"]
[Result "1/2-1/2"]
[WhiteElo "1920"]
[BlackElo "1739"]
[PlyCount "82"]
[EventDate "2017.??.??"]

1. c4 g6 2. Nf3 Bg7 3. g3 c6 4. d4 d5 5. Bg2 dxc4 6. a4 Nd7 7. Na3 Ngf6 8. Nxc4
O-O 9. O-O Nb6 10. Nce5 Ng4 11. Qc2 Nd5 12. Bd2 Ndf6 13. e4 Be6 14. Bc3 Qb6 15.
a5 Qb3 16. Qxb3 Bxb3 17. Nd2 Be6 18. a6 Nxe5 19. dxe5 Nd7 20. axb7 Rab8 21.
Rxa7 Nc5 22. Bb4 Nxb7 23. Bxe7 Rfe8 24. Bf6 Nc5 25. Rb1 Nd3 26. b3 Nxe5 27.
Bxg7 Kxg7 28. f4 Red8 29. Nf1 Nd3 30. Rc7 c5 31. Nd2 Nxf4 32. gxf4 Rxd2 33.
Rxc5 Rxb3 34. Rxb3 Bxb3 35. Re5 Kf6 36. Rb5 Be6 37. Ra5 Ke7 38. Ra8 Kf6 39. Ra5
h6 40. Ra6 Kg7 41. Ra5 Kf6
1/2-1/2

[Event "Bergens SK Høstturnering 2017"]
[Site "Bergens Schakklub"]
[Date "2017.10.03"]
[Round "4"]
[White "Solli, Jarle"]
[Black "Sviland, Atle"]
[Result "0-1"]
[WhiteElo "1538"]
[BlackElo "1627"]
[PlyCount "90"]
[EventDate "2017.??.??"]

1. Nf3 f5 2. c4 Nf6 3. g3 e6 4. Bg2 d6 5. O-O Be7 6. d3 O-O 7. Nbd2 Qe8 8. b3
Qh5 9. Bb2 e5 10. e3 Nc6 11. Bc3 Qh6 12. Re1 Bd7 13. b4 Rae8 14. Qc2 Nd8 15. c5
Ne6 16. h4 Kh8 17. cxd6 cxd6 18. a4 Ng4 19. Nf1 Rc8 20. Qb2 Bf6 21. N3h2 Bc6
22. Nxg4 fxg4 23. e4 Bxh4 24. Ne3 Be7 25. Nxg4 Qh5 26. Qe2 Ng5 27. f3 Bxe4 28.
Nxe5 dxe5 29. g4 Nxf3+ 30. Bxf3 Bxf3 31. gxh5 Bxe2 32. Bxe5 Bxd3 33. Bxg7+ Kxg7
34. Rxe7+ Rf7 35. Re3 Bf5 36. Rg3+ Kf8 37. h6 Rc4 38. Rd1 Rxb4 39. Rd8+ Ke7 40.
Rdg8 Rxa4 41. R3g7 Bg6 42. Rb8 Rb4 43. Rc8 a5 44. Rxg6 hxg6 45. h7 Rb1+
0-1

[Event "Bergens SK Høstturnering 2017"]
[Site "Bergens Schakklub"]
[Date "2017.10.03"]
[Round "4"]
[White "Ayzenberg, Alena"]
[Black "Larsen, Stig Børje"]
[Result "1-0"]
[WhiteElo "1755"]
[BlackElo "1739"]
[PlyCount "103"]
[EventDate "2017.??.??"]

1. d4 g6 2. e4 Bg7 3. Nf3 c6 4. Bd3 d6 5. c4 Bg4 6. d5 Nd7 7. Nc3 Ngf6 8. Be3
O-O 9. Rc1 Ne5 10. Be2 Bxf3 11. gxf3 Qa5 12. f4 Ned7 13. Qd2 Rfc8 14. O-O cxd5
15. cxd5 Nb6 16. b3 Nfd7 17. Nb1 Qxd2 18. Nxd2 Bb2 19. Rxc8+ Rxc8 20. Bg4 Rc2
21. a4 a5 22. Rb1 Nc5 23. Bd1 Rc1 24. Rxc1 Bxc1 25. Bc2 f5 26. f3 fxe4 27. fxe4
Nbd7 28. Kf2 Nf6 29. Kf3 b6 30. Bxc5 Bxd2 31. Bxb6 Kf7 32. Bd3 Nd7 33. Bd4 Nf6
34. Bc4 Nh5 35. Be3 Bb4 36. e5 Ng7 37. e6+ Kf8 38. Kg4 Nf5 39. Bf2 Kg7 40. Kg5
Bc3 41. Kg4 Nd4 42. b4 axb4 43. a5 b3 44. a6 b2 45. Bd3 Nb5 46. a7 Nc7 47. Kf3
Kf8 48. Ke2 Na8 49. Kd1 Ke8 50. Kc2 Ba5 51. Ba6 Bb6 52. Bxb6
1-0

[Event "Bergens SK Høstturnering 2017"]
[Site "Bergens Schakklub"]
[Date "2017.10.03"]
[Round "4"]
[White "Tufta, Jon Gunnar"]
[Black "Christoffersen, Odd"]
[Result "1-0"]
[WhiteElo "1776"]
[BlackElo "1514"]
[PlyCount "47"]
[EventDate "2017.??.??"]

1. e4 c6 2. d4 d5 3. exd5 cxd5 4. Bd3 Nc6 5. c3 Nf6 6. Bf4 e6 7. Nf3 Be7 8. O-O
O-O 9. Qe2 a6 10. Ne5 g6 11. Nd2 Nxe5 12. dxe5 Ne8 13. Bh6 Ng7 14. Nf3 f6 15.
exf6 Bxf6 16. Rae1 Re8 17. Ne5 Bd7 18. f4 Qb6+ 19. Kh1 Rad8 20. Ng4 Be7 21.
Bxg7 Kxg7 22. Qe5+ Kg8 23. Nh6+ Kf8 24. Qh8#
1-0

[Event "Bergens SK Høstturnering 2017"]
[Site "Bergens Schakklub"]
[Date "2017.10.03"]
[Round "4"]
[White "Ziegler, Lars"]
[Black "Sørhus, Jostein"]
[Result "0-1"]
[WhiteElo "1468"]
[BlackElo "1366"]
[PlyCount "22"]
[EventDate "2017.??.??"]

1. c4 c5 2. Nc3 g6 3. Nf3 Bg7 4. g3 Nf6 5. Bg2 Nc6 6. O-O O-O 7. d4 cxd4 8.
Nxd4 a6 9. Rb1 e6 10. b3 Nxd4 11. Qxd4 Nd5
0-1

[Event "Bergens SK Høstturnering 2017"]
[Site "Bergens Schakklub"]
[Date "2017.10.03"]
[Round "4"]
[White "Rasmussen, Jonas H"]
[Black "Grønnestad, Anita"]
[Result "1-0"]
[WhiteElo "1745"]
[BlackElo "1920"]
[PlyCount "87"]
[EventDate "2017.??.??"]

1. d4 d5 2. Nf3 Nf6 3. g3 e6 4. Bg2 c5 5. c4 cxd4 6. O-O Bc5 7. Nxd4 O-O 8. Nb3
Be7 9. cxd5 Nxd5 10. Bd2 Nc6 11. Nc3 Bf6 12. Nxd5 exd5 13. Bc3 d4 14. Bd2 Qe7
15. Bf4 Bg4 16. Re1 Rad8 17. Bxc6 bxc6 18. Qc2 g5 19. Bc1 d3 20. Qxc6 dxe2 21.
Be3 Rc8 22. Qa4 Bf3 23. Nd2 Bc6 24. Qg4 Bd7 25. Qxe2 Bxb2 26. Rab1 Bf6 27. Qd3
Rc3 28. Qd5 Be6 29. Qe4 Qd7 30. Rb7 Qc8 31. Rxa7 Bf5 32. Qf3 Bg4 33. Qxf6 Rc6
34. Qxg5+ Rg6 35. Qc5 Qe6 36. Qxf8+ Kxf8 37. Bc5+ Ke8 38. Re7+ Kd8 39. R7xe6
Bxe6 40. a4 Bd5 41. a5 Rc6 42. Bb6+ Kd7 43. Ne4 Kc8 44. Nc5
1-0

[Event "Bergens SK Høstturnering 2017"]
[Site "Bergens Schakklub"]
[Date "2017.10.17"]
[Round "5"]
[White "Manne, Per Erik"]
[Black "Rasmussen, Jonas H"]
[Result "1-0"]
[WhiteElo "2043"]
[BlackElo "1745"]
[PlyCount "121"]
[EventDate "2017.??.??"]

1. Nf3 Nf6 2. c4 g6 3. Nc3 Bg7 4. d4 O-O 5. Bg5 d6 6. e3 Nbd7 7. Be2 c5 8. O-O
b6 9. Qd2 Bb7 10. d5 a6 11. e4 b5 12. cxb5 axb5 13. Bxb5 Ba6 14. Rfe1 Bxb5 15.
Nxb5 Ng4 16. a4 Nge5 17. Nxe5 Nxe5 18. Ra2 Qd7 19. b3 Rfb8 20. h3 c4 21. Rb1
cxb3 22. Rxb3 Nc4 23. Qe2 Na5 24. Rb1 Rc8 25. Rc2 Rxc2 26. Qxc2 Rc8 27. Qd2 Nc4
28. Qb4 Ne5 29. Be3 Nc4 30. Bd4 Bxd4 31. Nxd4 Ne5 32. Qb5 Qa7 33. Nc6 Nxc6 34.
dxc6 Qc7 35. Rc1 Rb8 36. Qxb8+ Qxb8 37. c7 Qc8 38. a5 Kf8 39. a6 Ke8 40. a7 Kd7
41. f3 h6 42. Kf2 f6 43. Ke3 e6 44. Rc2 f5 45. Rc1 fxe4 46. fxe4 d5 47. e5 h5
48. h4 d4+ 49. Kxd4 g5 50. hxg5 h4 51. a8=Q Qxa8 52. c8=Q+ Qxc8 53. Rxc8 Kxc8
54. g6 h3 55. gxh3 Kd7 56. g7 Ke7 57. g8=Q Kd7 58. Kc5 Ke7 59. Qg7+ Ke8 60. Kd6
Kd8 61. Qg8#
1-0

[Event "Bergens SK Høstturnering 2017"]
[Site "Bergens Schakklub"]
[Date "2017.10.17"]
[Round "5"]
[White "Sviland, Atle"]
[Black "Ayzenberg, Alena"]
[Result "1/2-1/2"]
[WhiteElo "1627"]
[BlackElo "1755"]
[PlyCount "105"]
[EventDate "2017.??.??"]

1. Nf3 d5 2. c4 e6 3. cxd5 exd5 4. g3 Nf6 5. Bg2 Bd6 6. d3 O-O 7. O-O c6 8. Bg5
h6 9. Bd2 Re8 10. Nc3 Bf5 11. Rc1 Nbd7 12. a3 a5 13. e4 dxe4 14. dxe4 Nxe4 15.
Nxe4 Bxe4 16. Bxh6 Nc5 17. Bg5 Qc7 18. Rc3 a4 19. Be3 Ne6 20. Rc4 Bd5 21. Rxa4
Rad8 22. Qc2 b6 23. Rh4 Nf8 24. Qf5 Ng6 25. Rh5 Be6 26. Qc2 Bd5 27. Rc1 Be4 28.
Qc3 c5 29. b4 Qc6 30. Ne1 Bxg2 31. Nxg2 Be5 32. Qc2 Qf3 33. Rf5 Qa8 34. bxc5
Qxa3 35. cxb6 Qa6 36. Qb3 Qb7 37. Nf4 Bxf4 38. Bxf4 Nxf4 39. Rxf4 Rd7 40. Rfc4
Rde7 41. Qb4 Rd8 42. Rc6 Red7 43. Qb3 Rd3 44. Qa4 Qd7 45. Qe4 Re8 46. Qxe8+
Qxe8 47. b7 Kh7 48. Rc8 Qe2 49. b8=Q Rd1+ 50. Rxd1 Qxd1+ 51. Kg2 Qd5+ 52. Kg1
Qd1+ 53. Kg2
1/2-1/2

[Event "Bergens SK Høstturnering 2017"]
[Site "Bergens Schakklub"]
[Date "2017.10.17"]
[Round "5"]
[White "Jørgensen, Kolbein"]
[Black "Christoffersen, Odd"]
[Result "1/2-1/2"]
[WhiteElo "1323"]
[BlackElo "1514"]
[PlyCount "82"]
[EventDate "2017.??.??"]

1. b3 d5 2. Bb2 c5 3. e3 Nc6 4. Bb5 Nf6 5. Nf3 Bg4 6. O-O e6 7. d3 Be7 8. Nbd2
a6 9. Bxc6+ bxc6 10. Re1 O-O 11. a4 Nd7 12. e4 Qc7 13. e5 f5 14. c3 Rab8 15. d4
cxd4 16. cxd4 Bb4 17. Re2 Qb7 18. Ba3 Rfc8 19. h3 Bh5 20. Bxb4 Qxb4 21. Re3 c5
22. a5 cxd4 23. Ra4 dxe3 24. Rxb4 exf2+ 25. Kxf2 Rxb4 26. g4 fxg4 27. Ng5 Nf8
28. hxg4 Bxg4 29. Qf1 Ra8 30. Ke3 Bf5 31. Ngf3 Rb7 32. Nd4 Rf7 33. Qc1 h5 34.
Qc6 Raa7 35. N2f3 Bg4 36. Ng5 Rfc7 37. Qd6 Rd7 38. Qc6 Re7 39. Qd6 Red7 40. Qc6
Rdc7 41. Qd6 Rd7
1/2-1/2

[Event "Bergens SK Høstturnering 2017"]
[Site "Bergens Schakklub"]
[Date "2017.10.17"]
[Round "5"]
[White "Larsen, Stig Børje"]
[Black "Ziegler, Lars"]
[Result "1-0"]
[WhiteElo "1739"]
[BlackElo "1468"]
[PlyCount "83"]
[EventDate "2017.??.??"]

1. e4 e6 2. d4 d5 3. Nc3 Nf6 4. Bg5 dxe4 5. Nxe4 Be7 6. Bxf6 Bxf6 7. Nxf6+ Qxf6
8. Bb5+ Bd7 9. Bxd7+ Nxd7 10. Nf3 O-O-O 11. O-O e5 12. c3 exd4 13. cxd4 Kb8 14.
Qc2 h6 15. Rfc1 Rc8 16. a4 Qd6 17. Ra3 Rhe8 18. a5 a6 19. Rc3 Nf6 20. Qb3 Qd5
21. Qa4 Ne4 22. Rxc7 Nd6 23. R7c3 Nb5 24. Rc5 Rxc5 25. dxc5 Re2 26. Qf4+ Ka7
27. h3 Rxb2 28. c6 bxc6 29. Qe3+ Ka8 30. Qb6 Qd6 31. Qxa6+ Na7 32. Re1 Rb8 33.
Qc4 Qd5 34. Qxd5 cxd5 35. Re5 Rd8 36. Re7 Rf8 37. Rd7 Nc6 38. Rxd5 Kb7 39. Nd2
Rd8 40. Rb5+ Ka6 41. Rb6+ Kxa5 42. Nc4+
1-0

[Event "Bergens SK Høstturnering 2017"]
[Site "Bergens Schakklub"]
[Date "2017.10.24"]
[Round "6"]
[White "Grønnestad, Anita"]
[Black "Sviland, Atle"]
[Result "1-0"]
[WhiteElo "1920"]
[BlackElo "1627"]
[PlyCount "103"]
[EventDate "2017.??.??"]

1. c4 f5 2. Nc3 Nf6 3. g3 e6 4. Bg2 Be7 5. d4 d6 6. Nf3 O-O 7. O-O a5 8. Qc2
Na6 9. a3 Qe8 10. e4 fxe4 11. Nxe4 c5 12. Nfg5 Nxe4 13. Bxe4 Bxg5 14. Bxh7+ Kh8
15. Bxg5 Qh5 16. Be7 Rf3 17. Bg6 Qg4 18. Qe4 e5 19. Qxg4 Bxg4 20. dxe5 dxe5 21.
Rfe1 Rb3 22. Rab1 Be6 23. Rxe5 Bxc4 24. Rc1 b5 25. Be4 Nc7 26. Bxa8 Nxa8 27.
Bxc5 Nc7 28. Bd4 Rd3 29. Bb6 Nd5 30. Bxa5 Nf6 31. h3 Nd7 32. Re7 Kg8 33. Bc3
Kf8 34. Rce1 Nf6 35. Bxf6 gxf6 36. R7e3 Rd6 37. b3 Bf7 38. a4 bxa4 39. bxa4 Ra6
40. Ra3 Ra5 41. f4 Be8 42. g4 Kf7 43. Kf2 Rxa4 44. Rxa4 Bxa4 45. h4 Bb3 46. h5
Bc2 47. Rc1 Bd3 48. Ke3 Bb5 49. Rc7+ Kg8 50. h6 Ba4 51. Ke4 Bd1 52. Kf5
1-0

[Event "Bergens SK Høstturnering 2017"]
[Site "Bergens Schakklub"]
[Date "2017.10.24"]
[Round "6"]
[White "Larsen, Stig Børje"]
[Black "Selbekk, Vebjørn"]
[Result "1-0"]
[WhiteElo "1739"]
[BlackElo "1847"]
[PlyCount "59"]
[EventDate "2017.??.??"]

1. e4 d6 2. d4 Nf6 3. Nc3 g6 4. f4 Bg7 5. Nf3 c5 6. e5 dxe5 7. Bb5+ Nfd7 8.
dxe5 O-O 9. Be3 b6 10. Qd5 a6 11. Bxd7 Qxd7 12. Qxa8 Bb7 13. Qa7 Qc6 14. Na4
Nd7 15. Nxb6 Nxb6 16. Bxc5 Qe4+ 17. Kd1 Rd8+ 18. Kc1 Qxf4+ 19. Kb1 Bxf3 20.
Qxb6 Rd7 21. Qb8+ Bf8 22. gxf3 Qxf3 23. Rc1 Rd1 24. b4 Rd7 25. Kb2 a5 26. Rf1
Qe4 27. Rae1 Qc4 28. a3 Rd2 29. Rc1 Rd7 30. Rfd1
1-0

[Event "Bergens SK Høstturnering 2017"]
[Site "Bergens Schakklub"]
[Date "2017.10.24"]
[Round "6"]
[White "Ayzenberg, Alena"]
[Black "Rasmussen, Jonas H"]
[Result "1-0"]
[WhiteElo "1755"]
[BlackElo "1745"]
[PlyCount "99"]
[EventDate "2017.??.??"]

1. d4 Nf6 2. c4 c5 3. d5 b5 4. cxb5 a6 5. e3 g6 6. Nc3 Bg7 7. a4 d6 8. e4 O-O
9. Nf3 axb5 10. Bxb5 Bd7 11. Bf4 Bxb5 12. axb5 Nbd7 13. O-O Ng4 14. Rxa8 Qxa8
15. Qa1 Nge5 16. Nxe5 Nxe5 17. Bg5 f6 18. Bh4 Nc4 19. Qa6 Nxb2 20. Ra1 Qc8 21.
Rb1 Nc4 22. Qxc8 Rxc8 23. f3 Bh6 24. Kf2 Bd2 25. Ne2 Rb8 26. f4 Bb4 27. Rc1 Nd2
28. e5 dxe5 29. fxe5 g5 30. Bg3 Ne4+ 31. Kf3 Nxg3 32. Nxg3 fxe5 33. Ke4 Rxb5
34. Kxe5 Bd2 35. Rf1 Bf4+ 36. Ke6 Kf8 37. Ne4 Ke8 38. g3 Be3 39. Ra1 Kf8 40.
Ra8+ Kg7 41. Kxe7 c4 42. Ke6 Bd4 43. Rc8 Bg1 44. h3 Bh2 45. Rxc4 Rb3 46. d6
Bxg3 47. d7 Rb6+ 48. Kd5 Rb5+ 49. Kc6 Rb8 50. Nxg3
1-0